000 00757nam a2200265Ia 4500
003 OSt
005 20220928112625.0
006 a|||||r|||| 00| 0
007 ta
008 220927b |||||||| |||| 00| 0 eng d
020 _c2518.2528000000002
024 _a103014
037 _b26, 03/12/2009, Om Book Distributors
_cTextual
040 _aSDCL
_cSDCL
_beng
041 _2eng
_aeng
082 _aXM5:(Z2), P9
100 _aHannigan Brenda
_9429004
245 0 _aCompany law.
250 _a2
260 _aOxford
_bOxford University Press
_c2009
300 _alxxii,824p
_ccm.
650 _aCommerce
_9353036
942 _hXM5:(Z2), P9
_cTEXL
_2CC
999 _c745483
_d745483